| 000 | 00549nam a22001937a 4500 | ||
|---|---|---|---|
| 005 | 20251108174804.0 | ||
| 008 | 250721s2008 xx 000 0 ara d | ||
| 082 | 1 | 4 | _aط/372.21/دين |
| 245 | 1 | 0 | _aالديناصورات / |
| 264 | 1 |
_aطرابلس : _bشركة دار الشمال، _c2008. |
|
| 300 | _a12ص. | ||
| 490 | 0 | _aكتاب المرح | |
| 650 | 1 | 7 | _aالاطفال |
| 650 | 1 | 7 | _aالتعلم |
| 650 | 1 | 7 | _aالعلوم |
| 653 | _aأطفال ما قبل المدرسة (0-5) سنوات | ||
| 942 |
_2ddc _cBK |
||
| 999 |
_c118072 _d118072 |
||